Państwa jednowyrazowe z dwoma "o" - Statystyki

Ogólne statystyki
  • Ten quiz został rozwiązany 337 razy
    332 od ostatniego zresetowania
  • Średni wynik to 6 z 8
Statystyki odpowiedzi
Kontynent Państwo % Poprawnych
Afryka Maroko
84%
Europa Monako
83%
Afryka Kongo
80%
Afryka Togo
80%
Europa Kosowo
79%
Azja Mongolia
71%
Afryka Lesotho
67%
Afryka Komory
59%
Nie znaleziono quizów pasujących do podanych kryteriów
Rozkład punktacji
Procent ludzi z każdym wynikiem
Percentyl według liczby udzielonych odpowiedzi
Twoja historia wyników
Nie rozwiązałeś tego quizu od ostatniego zresetowania